| 000 | 00567nam a2200205Ia 4500 | ||
|---|---|---|---|
| 003 | GCL | ||
| 008 | 140319s9999 xx 000 0 eng d | ||
| 040 |
_aGCL / _cGCL |
||
| 082 | 0 | 4 |
_a930.103 _bF O |
| 100 | 1 | _aFAGAN, BRIAN M. | |
| 245 | 1 | 0 |
_aTHE OXFORD COMPANION TO ARCHAEOLOGY / _cFAGAN, BRIAN M. |
| 700 | 1 | _aBECK, CHARLOTTE | |
| 700 | 1 | _aMICHAELS, GEORGE | |
| 260 |
_a[S.N] : _bOXFORD UNIVERSITY PRESS ، _c1996 |
||
| 300 | _a844 P | ||
| 650 | 0 | 4 | _aARCHAEOLOGY |
| 650 | 0 | 4 | _aARCHAEOLOGY - DICTIONARIES |
| 650 | 0 | 4 | _aANCIENT WORLD - HISTORY |
| 942 |
_2ddc _cBK |
||
| 999 |
_c13762 _d13762 |
||